000 00519nam a2200217Ia 4500
003 0100
008 130303s9999 xx 000 0 und d
020 _a0262540568
040 _cARRUPELIB
050 _aB3279.H48S462 1990
100 _aDreyfus, Hubert L
245 _aBeing-in-the-world
245 _ba commentary on Heidegger's Being and Time, Division I
260 _aCambridge
260 _bMIT Press
260 _C1991
300 _a370p.
300 _b 23cm.
650 _aPHILOSOPHY
942 0 0 _01
999 _c19955
_d19955